Central Library OPAC University of Rajshahi

উন্নয়ন যোগযোগে কার্টুনচিত্র / (Record no. 75665)

MARC details
000 -LEADER
fixed length control field 01396ntm a2200253 a 4500
001 - CONTROL NUMBER
control field 75665
003 - CONTROL NUMBER IDENTIFIER
rucl marc code BD-RjUL
005 - DATE AND TIME OF LATEST TRANSACTION
control field 20211209082726.0
008 - FIXED-LENGTH DATA ELEMENTS--GENERAL INFORMATION
fixed length control field 190513s2016 bg ||||| |mb| 00| 0 ben d
035 ## - SYSTEM CONTROL NUMBER
System control number (BD-RjUL)75883
040 ## - CATALOGING SOURCE
Original cataloging agency BD-RjUL
Language of cataloging ben/eng
Transcribing agency BD-RjUL
Modifying agency BD-RjUL
041 ## - LANGUAGE CODE
Language code of text/sound track or separate title ben
082 ## - DEWEY DECIMAL CLASSIFICATION NUMBER
Edition number 23
Classification number 741.569
Author mark and year AHU 2016
100 1# - MAIN ENTRY--PERSONAL NAME
Personal name আহমেদ, জুবাইর
9 (RLIN) 231667
245 ## - TITLE STATEMENT
Title উন্নয়ন যোগযোগে কার্টুনচিত্র /
Statement of responsibility, etc. জুবাইর আহমেদ ;
Linkage গবেষণা তত্ত্বাবধায়ক : গুলনাহার বেগম
260 ## - PUBLICATION, DISTRIBUTION, ETC. (IMPRINT)
Place of publication, distribution, etc. রাজশাহী :
Name of publisher, distributor, etc. চারুকলা বিভাগ, রাজশাহী বিশ্ববিদ্যালয়,
Date of publication, distribution, etc. ২০১৬
300 ## - PHYSICAL DESCRIPTION
Pagination [৫], ২০০, [১৯] পাতা :
Illustrations চিত্র ;
Size ২৯ সেমি.
502 ## - DISSERTATION NOTE
Dissertation note থিসিস (পিএইচ. ডি.)-- চারুকলা বিভাগ, রাজশাহী বিশ্ববিদ্যালয়, ২০১৬
504 ## - BIBLIOGRAPHY, ETC. NOTE
Bibliography, etc গ্রন্থপঞ্জি: পাতা ১২২-১৩৩
650 ## - SUBJECT ADDED ENTRY--TOPICAL TERM
Topical term or geographic name as entry element কার্টুনচিত্র
9 (RLIN) 231669
Topical term or geographic name as entry element Caricatures and cartoons
9 (RLIN) 231670
700 ## - ADDED ENTRY--PERSONAL NAME
Personal name বেগম, গুলনাহার, গবেষণা তত্ত্বাবধায়ক
942 ## - ADDED ENTRY ELEMENTS (KOHA)
Source of classification or shelving scheme Dewey Decimal Classification
Koha item type Theses
Holdings
Lost status Source of classification or shelving scheme Damaged status Not for loan Collection code Permanent Location Current Location Shelving location Date acquired Source of acquisition Total Checkouts Full call number Date last seen Copy number Koha item type
  Dewey Decimal Classification   Not For Loan Theses Central Library, University of Rajshahi Central Library, University of Rajshahi Documentation Section 25/03/2019 Controller of Examination Office, R. U.   BTHE 741.569 AHU 2016 13/05/2019 C-1 Theses